| 000 | 00450nam a22001577a 4500 | ||
|---|---|---|---|
| 003 | OSt | ||
| 005 | 20240418152209.0 | ||
| 008 | 240418b |||||||| |||| 00| 0 eng d | ||
| 040 | _cMRSPTU | ||
| 100 | _aJagjit Singh (ਜਗਜੀਤ ਸਿੰਘ) | ||
| 245 | _aBani Guru Nanak Dev (ਬਾਣੀ ਗੁਰੂ ਨਾਨਕ ਦੇਵ) | ||
| 250 | _a1st | ||
| 260 |
_aPunjab _bDirector Education Department _c1999 |
||
| 300 | _a407 | ||
| 942 |
_2ddc _cBK _n0 |
||
| 999 |
_c10085 _d10085 |
||